000 01798cam a2200385 a 4500
001 9527
003 FISKH
005 20260119105132.0
008 090515r20081996enka 000 1 eng d
010 _a 2009290948
020 _a9780194790543
_qpbk.
020 _a0194790541
_qpbk.
040 _aYVO
_cYVO
_dTVG
_dDLC
_beng
050 0 0 _aPE1126.A4
_bA425 2008
082 0 0 _a428.6
_222
100 1 _aAkinyemi, Rowena.
245 1 4 _aThe children of the new forest /
_cCaptain Marryat ; retold by Rowena Akinyemi.
260 _aOxford ;
_aNew York :
_bOxford University Press,
_c1996
300 _a56 pages :
_b illustrations ;
_c20 cm
490 0 _aOxford bookworms library ;
_vStage 2, Human interest
500 _aFirst published in Oxford Bookworms 1996.
505 _aR
520 _a'England in 1647: King Charles is in prison, and Cromwell's men are fighting the King's men. These are dangerous times for everybody. The four Beverley children have no parents; their mother is dead and their father died while fighting for the King. Now Cromwell's soldiers have come to burn the house - with the children in it. The four of them escape into the New Forest - but how will they live? What will they eat? And will Cromwell's soldier find them?' --from back
521 8 _a690
_bLexile
521 8 _aR
_bRaz-Plus
650 0 _aReaders (Adult)
650 0 _aEnglish language
_vTextbooks for foreign speakers.
650 0 _aReading comprehension
_vProblems, exercises, etc.
650 0 _aOrphans
_zGreat Britain
_vFiction.
651 0 _aGreat Britain
_xHistory
_yCivil War, 1642-1649
_vFiction.
655 7 _aFiction.
_2lcgft
_0https://id.loc.gov/authorities/genreForms/gf2014026339
906 _a7
_bcbc
_ccopycat
_d2
_encip
_f20
_gy-gencatlg
942 _2ddc
_cBK
_n0
999 _c9527
_d9527